书目信息 |
| 题名: |
西方经济学简明教程
|
|
| 作者: | 黄保海 , 倪惠君 主编 | |
| 分册: | ||
| 出版信息: | 济南 山东大学出版社 2006.01 |
|
| 页数: | 240页 | |
| 开本: | 26cm | |
| 丛书名: | ||
| 单 册: | ||
| 中图分类: | F091.3 | |
| 科图分类: | ||
| 主题词: | 现代资产阶级经济学--xian dai zi chan jie ji jing ji xue--高等学校--教材 | |
| 电子资源: | ||
| ISBN: | 7-5607-3148-1 | |
| 000 | 00857nam0 2200229 450 | |
| 001 | 012006729303 | |
| 005 | 20060922163556.73 | |
| 010 | @a7-5607-3148-1@dCNY30.00 | |
| 100 | @a20060704d2006 km y0chiy0120 ea | |
| 101 | 0 | @achi |
| 102 | @aCN@b370000 | |
| 105 | @ay z 000yy | |
| 200 | 1 | @a西方经济学简明教程@Axi fang jing ji xue jian ming jiao cheng@f黄保海, 倪惠君主编@Fhuang bao hai,ni hui jun zhu bian |
| 210 | @a济南@c山东大学出版社@d2006.01 | |
| 215 | @a240页@d26cm | |
| 330 | @a全书共二十二章。内容包括:导论、均衡价格理论、消费者行为理论、企业行为理论、垄断竞争和寡头垄断、劳动市场的厂商决策等。 | |
| 606 | 0 | @a现代资产阶级经济学@Axian dai zi chan jie ji jing ji xue@x高等学校@j教材 |
| 690 | @aF091.3@v4 | |
| 701 | 0 | @a黄保海@Ahuang bao hai@4主编 |
| 701 | 0 | @a倪惠君@Ani hui jun@4主编 |
| 801 | 0 | @aCN@c20060922 |
| 905 | @apdsgxy@dF091.3@eH802 | |
| 西方经济学简明教程/黄保海, 倪惠君主编.-济南:山东大学出版社,2006.01 |
| 240页;26cm |
| ISBN 7-5607-3148-1:CNY30.00 |
| 全书共二十二章。内容包括:导论、均衡价格理论、消费者行为理论、企业行为理论、垄断竞争和寡头垄断、劳动市场的厂商决策等。 |
| ● |
| 相关链接 |
|
|
|
正题名:西方经济学简明教程
索取号:F091.3/H802
 
预约/预借
| 序号 | 登录号 | 条形码 | 馆藏地/架位号 | 状态 | 备注 |
| 1 | 594091 | 205940918 | 社科二线422/409社科库 65排4列5层/ [索取号:F091.3/H802] | 在馆 | |
| 2 | 594092 | 205940927 | 社科二线422/409社科库 65排4列5层/ [索取号:F091.3/H802] | 在馆 | |
| 3 | 594093 | 205940936 | 社科库409/409社科库 65排4列5层/ [索取号:F091.3/H802] | 在馆 |